000 00449nam a2200181Ia 4500
008 230711s9999||||xx |||||||||||||| ||und||
020 _a978-81-224-2360-0
041 _aENG
082 _a5.1
_bAG-S
100 _aAggarwal,K.K
245 0 _aSoftware engineering
250 _a3rd Ed.
260 _c2016
_aNew Delhi
_bNew Age International Publishers
300 _a507p.
650 _aComputer Engineering
700 _aSingh,Yogesh
942 _cBK
999 _c6362
_d6362